Southville International School and Colleges
Your cart is empty.
  • Cart
  • Lists
    Public lists Eva Luna New books Lux_list list_1
    Your lists Log in to create your own lists
  • Log in to your account
  • Your cookies
  • Search history
Southville International School and Colleges
  • Advanced search
  • Recent comments
  • Most popular
  • Libraries

Log in to your account

Log in with GOOGLE


If you do not have an external account, but do have a local account, you can still log in:

  1. Home
  2. MARC view: Teaching children who find reading difficult /
Normal view MARC view ISBD view

Teaching children who find reading difficult / (Record no. 25055)

[ view plain ]
MARC details
000 -LEADER
fixed length control field 00693nam a2200229 a 4500
005 - DATE AND TIME OF LATEST TRANSACTION
control field 20140310183558.0
008 - FIXED-LENGTH DATA ELEMENTS--GENERAL INFORMATION
fixed length control field 111117s19uu xx 00 eng d
020 ## - INTERNATIONAL STANDARD BOOK NUMBER
International Standard Book Number 9780132337182
050 ## - LIBRARY OF CONGRESS CALL NUMBER
Classification number LB 1050
Item number .R224 2010
100 ## - MAIN ENTRY--PERSONAL NAME
Personal name Rasinski, Timothy V.
245 ## - TITLE STATEMENT
Title Teaching children who find reading difficult /
Statement of responsibility, etc Timothy V. Rasinski, Nancy D. Padak, Gay Fawcett.
250 ## - EDITION STATEMENT
Edition statement 4th ed.
260 ## - PUBLICATION, DISTRIBUTION, ETC. (IMPRINT)
Place of publication, distribution, etc Massachusetts :
Name of publisher, distributor, etc Pearson Education,
Date of publication, distribution, etc 2010.
300 ## - PHYSICAL DESCRIPTION
Extent 296 p. :
Other physical details ill. ;
Dimensions 23 cm.
521 ## - TARGET AUDIENCE NOTE
Target audience note
650 ## - SUBJECT ADDED ENTRY--TOPICAL TERM
Topical term or geographic name as entry element Reading
General subdivision Remedial teaching
650 ## - SUBJECT ADDED ENTRY--TOPICAL TERM
Topical term or geographic name as entry element Developmental reading
700 ## - ADDED ENTRY--PERSONAL NAME
Personal name Padak, Nancy D.
700 ## - ADDED ENTRY--PERSONAL NAME
Personal name Fawcett, Gay
942 ## - ADDED ENTRY ELEMENTS (KOHA)
Koha item type Books
Source of classification or shelving scheme Library of Congress Classification
Call number prefix Foreign
Holdings
Withdrawn status Lost status Source of classification or shelving scheme Damaged status Home library Current library Shelving location Date acquired Source of acquisition Cost, normal purchase price Total Checkouts Full call number Barcode Date last seen Copy number Price effective from Koha item type
    Library of Congress Classification   College Library College Library General Circulation Section 11/17/2011 Donation 4675.00   LB 1050 .R224 2010 C14139 05/15/2018 1 10/18/2013 Books

Teaching children who find reading difficult /

APA

Rasinski T. V., Padak N. D. & Fawcett G. (2010). Teaching children who find reading difficult. Massachusetts: Pearson Education.

Chicago

Rasinski Timothy V, Padak Nancy D and Fawcett Gay. 2010. Teaching children who find reading difficult. Massachusetts: Pearson Education.

Harvard

Rasinski T. V., Padak N. D. and Fawcett G. (2010). Teaching children who find reading difficult. Massachusetts: Pearson Education.

MLA

Rasinski Timothy V, Padak Nancy D and Fawcett Gay. Teaching children who find reading difficult. Massachusetts: Pearson Education. 2010.

  • Place hold
  • Print
  • Cite
  • Add to your cart (remove)
  • Save record
    BIBTEX Dublin Core MARCXML MARC (non-Unicode/MARC-8) MARC (Unicode/UTF-8) MARC (Unicode/UTF-8, Standard) MODS (XML) RIS
  • More searches
    Search for this title in:
    Other Libraries (WorldCat) Other Databases (Google Scholar) Online Stores (Bookfinder.com) Open Library (openlibrary.org)

Exporting to Dublin Core...

SOUTHVILLE LIBRARY

Southville International School and Colleges Library

1281 Tropical Ave. Cor. Luxembourg St., BF Homes International, Las Pinas City

Tel. No. 8256374 / 252358 Loc. 117/146

Powered by Koha